Statistics for Name the show/movie from the spy

Click here to take the quiz!

General Stats

  • This quiz has been taken 19 times
    (6 since last reset)
  • The average score is 5 of 19

Answer Stats

HintAnswer% Correct
Ethan HuntMission Impossible Franchise
80%
Jack Bauer24
60%
Jason BourneBourne Franchise
60%
George SmileyTinker Tailor Soldier Spy
60%
Jack RyanJack Ryan Franchise
40%
Gary "Eggsy" UnwinKingsman Franchise
40%
Carmen and Juni CortezSpy Kids Franchise
40%
Sydney BristowAlias
20%
Maxwell SmartGet Smart
20%
NikitaLa Femme Nikita
20%
Bryan MillsTaken
20%
Lana KaneArcher
0%
Sebastian GravesBrothers Grimsby
0%
Michael WestonBurn Notice
0%
Sarah WalkerChuck
0%
Max GuevaraDark Angel
0%
Carrie MathisonHomeland
0%
Alex ParishQuantico
0%
Raymond ReddingtonThe Blacklist
0%

Score Distribution

Percentile by Number Answered

Percent of People with Each Score

Your Score History

You have not taken this quiz since the last reset